书目信息 |
| 题名: |
刘德海琵琶练习曲
|
|
| 作者: | 刘德海 著 | |
| 分册: | ||
| 出版信息: | 北京 现代出版社 2021.4 |
|
| 页数: | 131页 | |
| 开本: | 29cm | |
| 丛书名: | ||
| 单 册: | ||
| 中图分类: | J648.331 | |
| 科图分类: | ||
| 主题词: | 琵琶--练习曲--中国--选集 | |
| 电子资源: | ||
| ISBN: | 978-7-5143-9095-7 | |
| 000 | 00895nam0 2200253 45 | |
| 001 | 012001000856 | |
| 005 | 20211020094937.72 | |
| 010 | @a978-7-5143-9095-7@dCNY52.00 | |
| 100 | @a20210609d2021 em y0chiy0110 ea | |
| 101 | 0 | @achi |
| 102 | @aCN@b110000 | |
| 105 | @ag z 000yy | |
| 106 | @ar | |
| 200 | 1 | @a刘德海琵琶练习曲@Aliu de hai pi pa lian xi qu@f刘德海著 |
| 205 | @a修订版 | |
| 210 | @a北京@c现代出版社@d2021.4 | |
| 215 | @a131页@d29cm | |
| 300 | @a现代音乐·名家讲堂 | |
| 330 | @a本书前半部分收录了刘德海先生改编和创作的六十八首练习曲及乐曲。后半部分并通过99个与学习琵琶相关的问题,阐释了刘德海先生在琵琶技术、音乐意境、舞台演奏、教育教学、乐器保养以及琵琶未来发展的思想与观点。 | |
| 606 | 0 | @a琵琶@x练习曲@y中国@j选集 |
| 690 | @aJ648.331@v5 | |
| 701 | 0 | @a刘德海@Aliu de hai@f(1937-2020)@4著 |
| 801 | @aCN@b江苏凤凰@c20211018 | |
| 905 | @b1341298-301@dJ648.331@e255=2@f4 | |
| 刘德海琵琶练习曲/刘德海著.-修订版.-北京:现代出版社,2021.4 |
| 131页;29cm |
| 现代音乐·名家讲堂 |
| ISBN 978-7-5143-9095-7:CNY52.00 |
| 本书前半部分收录了刘德海先生改编和创作的六十八首练习曲及乐曲。后半部分并通过99个与学习琵琶相关的问题,阐释了刘德海先生在琵琶技术、音乐意境、舞台演奏、教育教学、乐器保养以及琵琶未来发展的思想与观点。 |
| ● |
| 相关链接 |
|
|
|
|
正题名:刘德海琵琶练习曲
索取号:J648.331/255=2
 
预约/预借
| 序号 | 登录号 | 条形码 | 馆藏地/架位号 | 状态 | 备注 |
| 1 | 1341298 | 213412984 | 第一样本阅览室/ [索取号:J648.331/255=2] | 在馆 | |
| 2 | 1341299 | 213412993 | 第一借阅区/ [索取号:J648.331/255=2] | 在馆 | |
| 3 | 1341300 | 213413000 | 第一借阅区/ [索取号:J648.331/255=2] | 在馆 | |
| 4 | 1341301 | 213413019 | 第一借阅区/ [索取号:J648.331/255=2] | 在馆 |